| 000 | 00631nam a22002417a 4500 | ||
|---|---|---|---|
| 003 | UA-OsUOA | ||
| 001 | 30635 | ||
| 007 | ta | ||
| 008 | 20041111b un ||||| |||| 00| 0 ukr d | ||
| 100 | _aЗападов В. А. | ||
| 090 |
_a821(091)(470+571) _bЗ-30 |
||
| 942 | _cBK | ||
| 040 |
_aUA-OsUOA _brus _cUA-OsUOA _dUA-OsUOA |
||
| 245 |
_aРусская литература XVIII века. 177-1775 _bХрестоматия |
||
| 300 | _a448 с. | ||
| 955 | _a0 | ||
| 041 | _arus | ||
| 080 | _a821(091)(470+571) | ||
| 260 |
_aМосква _bПросвещение _c1978 |
||
| 044 | _aRU | ||
| 650 | 7 | _2UDC | |
| 999 |
_c317048 _d317048 |
||